Hydraulics and Fluid Mechanics including, Hydraulics Machines (Record no. 1197)

MARC details
000 -LEADER
fixed length control field 00448nam a22001697a 4500
005 - DATE AND TIME OF LATEST TRANSACTION
control field 20160520123138.0
008 - FIXED-LENGTH DATA ELEMENTS--GENERAL INFORMATION
fixed length control field 160520b xxu||||| |||| 00| 0 eng d
020 ## - INTERNATIONAL STANDARD BOOK NUMBER
ISBN 978-81-89401-26-9
041 ## - LANGUAGE CODE
Language code of text/sound track or separate title eng
082 ## - DEWEY DECIMAL CLASSIFICATION NUMBER
Item number 3499
100 ## - MAIN ENTRY--AUTHOR NAME
Personal name Modi P.N. & Seth S.M.
245 ## - TITLE STATEMENT
Title Hydraulics and Fluid Mechanics including, Hydraulics Machines
260 ## - PUBLICATION, DISTRIBUTION, ETC. (IMPRINT)
Name of publisher Standard book house
300 ## - PHYSICAL DESCRIPTION
Number of Pages 1395
650 ## - SUBJECT ADDED ENTRY--TOPICAL TERM
Topical Term DIPLOMA ENGINEERING
942 ## - ADDED ENTRY ELEMENTS (KOHA)
Koha item type Books
Holdings
Lost status Damaged status Home library Current library Date acquired Cost, normal purchase price Full call number Accession Number Koha item type Shelving location
Lost   JRU Library JRU Library 20/05/2016 680.00 3499 3499 Books  
    JRU Library   20/05/2016 680.00 3499 3500 Books SHELF-42-A